Mi Vaca de Retahílas / Brunilda Contreras (Registro nro. 18238)

Detalles MARC
000 -LEADER
fixed length control field 00449nam a22001691a 4500
001 - CONTROL NUMBER
control field 18238
003 - CONTROL NUMBER IDENTIFIER
control field OSt
005 - DATE AND TIME OF LATEST TRANSACTION
control field 20260204212356.0
008 - FIXED-LENGTH DATA ELEMENTS--GENERAL INFORMATION
fixed length control field 170509s2007||||dr ||||||b||||||||||spa||
082 ## - DEWEY DECIMAL CLASSIFICATION NUMBER
Classification number RD 861.5 C167v
100 ## - ASIENTO PRINCIPAL -- NOMBRE PERSONAL
Personal name Contreras, Brunilda
245 ## - TÍTULO PROPIAMENTE DICHO: SUBTÍTULO
Title Mi Vaca de Retahílas / Brunilda Contreras
250 ## - MENCIÓN DE EDICIÓN
Edition statement 2
264 ## - PRODUCTION, PUBLICATION, DISTRIBUTION, MANUFACTURE, AND COPYRIGHT NOTICE
Place of production, publication, distribution, manufacture Santo Domingo : Intergrafic, S.A.
650 ## - ASIENTO SECUNDARIO DE MATERIA -- TERMINO TEMÁTICO
Termino Temático Como Elemento de Entrada 1.CUENTOS-RETAHÍLAS 2.CUENTOS INFANTILESÌ
942 ## - ADDED ENTRY ELEMENTS (KOHA)
Source of classification or shelving scheme Dewey Decimal Classification
Koha item type Libros
Existencias
Withdrawn status Lost status Source of classification or shelving scheme Damaged status Not for loan Current library Date acquired Total Checkouts Full call number Barcode Date last seen Price effective from Koha item type
    Dewey Decimal Classification     Biblioteca UTECO 09/09/2019   RD 861.5 C167V 017098 09/09/2019 09/09/2019 Libros
© 2021 Derechos Reservados UTECO - Teléfono: +1 809-585-2291 - Correo electrónico: biblioteca@uteco.edu.do​  
Código postal 43000 ​​
Dirección: Avenida Universitaria No. 100, 
Cotuí, Provincia Sánchez Ramírez, República Dominicana - RNC: 404-00059-6